00489 2200169 4500245011300000020002300113250001100136100002300147700001400170650002700184005001900211260003200230041001400262084000800276300002600284336000900310 aEverything I Do I Do It For You b : Prinsip - Prinsip Membangun Kesuksesan HidupcMoch. Aang SonhajihText a978-602-8136-221-5 aCet. 1 aMoch. Aang Sonhaji aTim Mitra aPsikologi Perkembangan a20230216092645 aBandungbMitra Saranac2012 aIndonesia a155 aiv, 68 hlm. :c25 cm. atext